| 000 | 00526 a2200193 4500 | ||
|---|---|---|---|
| 003 | Nust | ||
| 005 | 20170207171534.0 | ||
| 010 | _a 2004057054 | ||
| 020 | _a0321237072 (alk. paper) | ||
| 040 | _cNust | ||
| 082 | 0 | 0 | _a512.72 |
| 100 | 1 | _aRosen, Kenneth H. | |
| 245 | 1 | 0 |
_aElementary number theory and its applications (EBOOK) _cKenneth H. Rosen. |
| 246 | 3 | 0 | _aElementary number theory |
| 250 | _a1st | ||
| 260 |
_aBoston : _bPearson/Addison Wesley, _c1984 |
||
| 300 |
_axx, 462 p. : _bill. ; _c25 cm. |
||
| 650 | 0 | _aNumber theory. | |
| 942 |
_2ddc _cBK |
||
| 999 |
_c217137 _d217137 |
||